¿Otro techo de cristal? : (Registro nro. 37990)
[ vista simple ]
| 000 -CABECERA | |
|---|---|
| campo de control de longitud fija | 00733nam a2200169 a 4500 |
| 001 - NÚMERO DE CONTROL | |
| campo de control | 000038500 |
| 005 - FECHA Y HORA DE LA ÚLTIMA TRANSACCIÓN | |
| campo de control | 20201002031259.0 |
| 008 - DATOS DE LONGITUD FIJA--INFORMACIÓN GENERAL | |
| campo de control de longitud fija | 130412s2011 dr ad 000 0 spa d |
| 020 ## - NÚMERO INTERNACIONAL ESTÁNDAR DEL LIBRO | |
| Número Internacional Estándar del Libro | 9789945164947 |
| 040 ## - FUENTE DE LA CATALOGACIÓN | |
| Centro catalogador/agencia de origen | DO-SdBNP |
| Lengua de catalogación | spa |
| Centro/agencia transcriptor | BNPHU |
| 245 00 - MENCIÓN DE TÍTULO | |
| Título | ¿Otro techo de cristal? : |
| Resto del título | la brecha digital de género en la República Dominicana / |
| Mención de responsabilidad, etc. | Investigadora Amparo Arango Echeverri ; presentación Magaly Pineda. |
| 260 ## - PUBLICACIÓN, DISTRIBUCIÓN, ETC. | |
| Lugar de publicación, distribución, etc. | Santo Domingo : |
| Nombre del editor, distribuidor, etc. | Fondo para la Igualdad de Género |
| -- | Centro de Investigación para la Acción Femenina, |
| Fecha de publicación, distribución, etc. | 2011. |
| 300 ## - DESCRIPCIÓN FÍSICA | |
| Extensión | 218 p. : |
| Otras características físicas | il., gráf. ; |
| Dimensiones | 29 cm. |
| 505 0# - NOTA DE CONTENIDO CON FORMATO | |
| Título | Sofware -- |
| -- | Mecatrónica -- |
| -- | Multimedia -- |
| -- | Infómatica -- |
| 700 1# - PUNTO DE ACCESO ADICIONAL--NOMBRE DE PERSONA | |
| Nombre de persona | Arango Echeverri, Amparo |
| 9 (RLIN) | 64854 |
| 700 1# - PUNTO DE ACCESO ADICIONAL--NOMBRE DE PERSONA | |
| Nombre de persona | Pineda, Magaly |
| 9 (RLIN) | 8552 |
| Estado de retiro | Estado de pérdida | Restricciones de uso | No para préstamo | Código de colección | Localización permanente | Ubicación/localización actual | Ubicación en estantería | Fecha de adquisición | Número de inventario | Total de préstamos | Signatura topográfica completa | Código de barras | Fecha visto por última vez | Número de copia | Precio válido a partir de | Tipo de ítem Koha |
|---|---|---|---|---|---|---|---|---|---|---|---|---|---|---|---|---|
| Dominicana de Servicio | General | General | Depósito | 12.04.2013 | LF1 | 38500-30 | 25.06.2020 | e. 3 | 25.06.2020 | Libro y Folleto Colección Dominicana de Servicio | ||||||
| Dominicana de Servicio | General | General | Depósito | 17.04.2015 | LF1 | 38500-40 | 25.06.2020 | e. 4 | 25.06.2020 | Libro y Folleto Colección Dominicana de Servicio | ||||||
| Excluido de préstamo | Patrimonio Dominicano | Patrimonio Dominicano | Patrimonio Dominicano | Depósito | 12.04.2013 | LF1 | 38500-10 | 25.06.2020 | 25.06.2020 | Libro y Folleto Colección Patrimonio Dominicano | ||||||
| Excluido de préstamo | Patrimonio Dominicano | Patrimonio Dominicano | Patrimonio Dominicano | Depósito | 12.04.2013 | LF1 | 38500-20 | 25.06.2020 | e. 2 | 25.06.2020 | Libro y Folleto Colección Patrimonio Dominicano |
